<?xml version="1.0" encoding="UTF-8"?>
<record
    xmlns:xsi="http://www.w3.org/2001/XMLSchema-instance"
    xsi:schemaLocation="http://www.loc.gov/MARC21/slim http://www.loc.gov/standards/marcxml/schema/MARC21slim.xsd"
    xmlns="http://www.loc.gov/MARC21/slim">

  <leader>01882nam a22002775i 4500</leader>
  <controlfield tag="001">153801</controlfield>
  <controlfield tag="003">ES-MaACL</controlfield>
  <controlfield tag="005">20250827062634.0</controlfield>
  <controlfield tag="008">990505s1839    sp           |||| | spa d</controlfield>
  <datafield tag="040" ind1=" " ind2=" ">
    <subfield code="a">M-RACM </subfield>
    <subfield code="b">spa </subfield>
    <subfield code="c">M-RACM </subfield>
    <subfield code="d">CCPB | B</subfield>
  </datafield>
  <datafield tag="110" ind1="1" ind2=" ">
    <subfield code="a">Espa&#xF1;a</subfield>
    <subfield code="9">3622</subfield>
  </datafield>
  <datafield tag="240" ind1="1" ind2="0">
    <subfield code="a">Leyes, etc.</subfield>
  </datafield>
  <datafield tag="245" ind1="1" ind2="0">
    <subfield code="a">Prontuario jur&#xED;dico o Compilaci&#xF3;n de leyes, decretos, reglamentos y circulares vigentes espedidos y restablecidos para la administraci&#xF3;n de justicia.</subfield>
  </datafield>
  <datafield tag="260" ind1=" " ind2=" ">
    <subfield code="a">Madrid : </subfield>
    <subfield code="b">Librer&#xED;a de Rios, </subfield>
    <subfield code="c">1839 (</subfield>
    <subfield code="f">Imprenta de D. Ram&#xF3;n Verges)</subfield>
  </datafield>
  <datafield tag="300" ind1=" " ind2=" ">
    <subfield code="a">v. ; </subfield>
    <subfield code="c">16 cm.</subfield>
  </datafield>
  <datafield tag="505" ind1="8" ind2=" ">
    <subfield code="a">Contiene: t. 1. Desde Enero de 1834 hasta 5 de Junio de 1839 (LVI, 387 p.) -- t. 2. Suplemento al prontuario en el que se contienen las disposiciones legales no incluidas en el prontuario que abraza desde 1.&#xBA; de enero de 1834 hasta 5 de junio de 1839, y adem&#xE1;s todas las espedidas y restablecidas desde esta &#xFA;ltima fecha hasta fin de diciembre de 1840 (499 p.) -- t. 3. Las disposiciones legales espedidas desde 1.&#xBA; de enero de 1841, hasta 9 de julio de 1842. Y adem&#xE1;s un &#xED;ndice cronol&#xF3;gico de aquellas que han sido restablecidas y se contienen en los tomos 1.&#xBA; y 2&#xBA; de esta compilacion ( 291 p.) -- t. 4. Apendice a los tomos anteriores, y adem&#xE1;s todas las disposiciones legales publicadas y restablecidas desdee 9 de julio de 1842 hasta fin de diciembre de 1843 (XVI, 304 p.)</subfield>
  </datafield>
  <datafield tag="594" ind1=" " ind2="1">
    <subfield code="a">Seg&#xFA;n Palau el compilador fue Ferm&#xED;n Verlanga Huerta.</subfield>
  </datafield>
  <datafield tag="596" ind1=" " ind2="1">
    <subfield code="a">Los t. 2-4 fueron impresos en la Imp. de Yenes.</subfield>
  </datafield>
  <datafield tag="597" ind1=" " ind2="1">
    <subfield code="a">Port. con grab.</subfield>
  </datafield>
  <datafield tag="651" ind1=" " ind2="0">
    <subfield code="a">Espa&#xF1;a-</subfield>
    <subfield code="x">Legislaci&#xF3;n-</subfield>
    <subfield code="y">S. XIX</subfield>
    <subfield code="9">222256</subfield>
  </datafield>
  <datafield tag="700" ind1="1" ind2=" ">
    <subfield code="a">Verlanga Huerta, Ferm&#xED;n, </subfield>
    <subfield code="e">comp.</subfield>
    <subfield code="9">114143</subfield>
  </datafield>
  <datafield tag="740" ind1="0" ind2=" ">
    <subfield code="a">Compilaci&#xF3;n de leyes, decretos, reglamentos y circulares vigentes ...</subfield>
  </datafield>
  <datafield tag="752" ind1=" " ind2=" ">
    <subfield code="a">Espa&#xF1;a - </subfield>
    <subfield code="d">Madrid</subfield>
  </datafield>
  <datafield tag="852" ind1=" " ind2=" ">
    <subfield code="a">ES-MaACL</subfield>
    <subfield code="j">D-315-318 </subfield>
    <subfield code="z">-- Enc. pasta espa&#xF1;ola</subfield>
  </datafield>
  <datafield tag="999" ind1=" " ind2=" ">
    <subfield code="c">153801</subfield>
    <subfield code="d">153801</subfield>
  </datafield>
  <datafield tag="952" ind1=" " ind2=" ">
    <subfield code="0">0</subfield>
    <subfield code="1">0</subfield>
    <subfield code="4">0</subfield>
    <subfield code="7">0</subfield>
    <subfield code="8">LIBXIX</subfield>
    <subfield code="a">ATENEOM</subfield>
    <subfield code="b">ATENEOM</subfield>
    <subfield code="c">SVI</subfield>
    <subfield code="d">2008-01-17</subfield>
    <subfield code="e">SSC</subfield>
    <subfield code="l">0</subfield>
    <subfield code="o">D-315-318</subfield>
    <subfield code="p">901160798</subfield>
    <subfield code="r">2023-02-23 00:00:00</subfield>
    <subfield code="w">2023-02-23</subfield>
    <subfield code="y">MONANT</subfield>
  </datafield>
</record>
